The biomass assessment handbook : (Record no. 520)
[ view plain ]
| 000 -LEADER | |
|---|---|
| fixed length control field | 00535cam a22001457a 4500 |
| 020 ## - ISBN | |
| International Standard Book Number | 9781844075263 (pbk. : alk. paper) |
| 050 00 - LIBRARY OF CONGRESS CALL NUMBER | |
| Classification Number | TP339 |
| Item Number | .B54 2008 |
| 245 04 - TITLE | |
| Title | The biomass assessment handbook : |
| Remainder of title | bioenergy for a sustainable environment / |
| Statement of responsibility, etc | edited by Frank Rosillo-Calle ... [et al.]. |
| 260 ## - PUBLICATION, DISTRIBUTION, ETC.(IMPRINT) | |
| Place of publication, distribution, etc | London ; |
| -- | Sterlling, VA : |
| Name of publisher, distributor, etc | Earthscan, |
| Date of publication, distribution, etc | 2008. |
| 300 ## - PHYSICAL DESCRIPTION | |
| Extent | xxiii, 269 p. : |
| 650 #0 - SUBJECT--TOPIC | |
| General subdivision | Measurement. |
| Form subdivision | Biomass |
| 700 1# - ADDED ENTRY--PERSONAL AUTHOR | |
| Personal Name | Rosillo Callé, Francisco, |
| 856 41 - URL/ELECTRONIC LOCATION AND ACCESS | |
| Uniform Resource Identifier | <a href="http://www.loc.gov/catdir/toc/fy0903/2008273320.html">http://www.loc.gov/catdir/toc/fy0903/2008273320.html</a> |
| 942 ## - ADDED ENTRY ELEMENTS(KOHA) | |
| Koha item type | General circulation |
| Source of classification or shelving scheme | Not for loan | Location (home branch) | Sublocation (holding branch) | Date accessioned | Cost, normal purchase price | Full call number | Barcode | Cost, replacement price | Koha item type | Public note |
|---|---|---|---|---|---|---|---|---|---|---|
| Library of Congress Classification | Main Campus Library | Main Campus Library | 05/08/2014 | 3400.00 | TP339 .B54 2008 | 2017/020759 | 3525.00 | General circulation | sm |